<?xml version="1.0" encoding="UTF-8"?>
<record
    xmlns:xsi="http://www.w3.org/2001/XMLSchema-instance"
    xsi:schemaLocation="http://www.loc.gov/MARC21/slim http://www.loc.gov/standards/marcxml/schema/MARC21slim.xsd"
    xmlns="http://www.loc.gov/MARC21/slim">

  <leader>01007nam a22002537a 4500</leader>
  <controlfield tag="005">20170124103036.0</controlfield>
  <datafield tag="010" ind1=" " ind2=" ">
    <subfield code="a">A-595247</subfield>
  </datafield>
  <datafield tag="020" ind1=" " ind2=" ">
    <subfield code="c">60.00</subfield>
    <subfield code="a">8170552524</subfield>
  </datafield>
  <datafield tag="035" ind1=" " ind2=" ">
    <subfield code="a">A-595247</subfield>
  </datafield>
  <datafield tag="037" ind1=" " ind2=" ">
    <subfield code="b">Cen Lib/Ret</subfield>
  </datafield>
  <datafield tag="040" ind1=" " ind2=" ">
    <subfield code="a">DPL</subfield>
    <subfield code="b">HN</subfield>
  </datafield>
  <datafield tag="082" ind1=" " ind2=" ">
    <subfield code="a">&#x909; </subfield>
    <subfield code="b">&#x91C;&#x917;&#x928;&#x94D;&#x928;&#x93E;</subfield>
  </datafield>
  <datafield tag="100" ind1=" " ind2=" ">
    <subfield code="a">&#x91C;&#x917;&#x928;&#x94D;&#x928;&#x93E;&#x925;&#x928;, &#x935;&#x940;. &#x930;&#x93E;.</subfield>
    <subfield code="9">44003</subfield>
  </datafield>
  <datafield tag="245" ind1=" " ind2=" ">
    <subfield code="a">&#x928;&#x935;&#x92D;&#x93E;&#x930;&#x924; /</subfield>
    <subfield code="c">&#x935;&#x940;. &#x930;&#x93E;. &#x91C;&#x917;&#x928;&#x94D;&#x928;&#x93E;&#x925;&#x928;</subfield>
  </datafield>
  <datafield tag="246" ind1=" " ind2=" ">
    <subfield code="a">Navbharat /</subfield>
    <subfield code="b">by V. R. Jagannathan</subfield>
  </datafield>
  <datafield tag="260" ind1=" " ind2=" ">
    <subfield code="a">&#x928;&#x908; &#x926;&#x93F;&#x932;&#x94D;&#x932;&#x940; </subfield>
    <subfield code="b">&#x935;&#x93E;&#x923;&#x940;  &#x92A;&#x94D;&#x930;&#x915;&#x93E;&#x936;&#x928; </subfield>
    <subfield code="c">1992</subfield>
  </datafield>
  <datafield tag="270" ind1=" " ind2=" ">
    <subfield code="a">4697/5, 21-&#x90F;, &#x926;&#x930;&#x93F;&#x92F;&#x93E;&#x917;&#x902;&#x91C; </subfield>
    <subfield code="b">&#x928;&#x908; &#x926;&#x93F;&#x932;&#x94D;&#x932;&#x940; </subfield>
    <subfield code="e">110002</subfield>
  </datafield>
  <datafield tag="300" ind1=" " ind2=" ">
    <subfield code="a">136&#x92A;&#x943;. </subfield>
    <subfield code="c">20&#x938;&#x947;&#x92E;&#x940; (&#x938;&#x91C;&#x93F;&#x932;&#x94D;&#x926;)</subfield>
  </datafield>
  <datafield tag="650" ind1=" " ind2=" ">
    <subfield code="a"> &#x939;&#x93F;&#x928;&#x94D;&#x926;&#x940; &#x938;&#x93E;&#x939;&#x93F;&#x924;&#x94D;&#x92F;</subfield>
    <subfield code="9">65612</subfield>
  </datafield>
  <datafield tag="650" ind1=" " ind2=" ">
    <subfield code="a"> &#x939;&#x93F;&#x928;&#x94D;&#x926;&#x940; &#x938;&#x93E;&#x939;&#x93F;&#x924;&#x94D;&#x92F; -- &#x909;&#x92A;&#x928;&#x94D;&#x92F;&#x93E;&#x938; </subfield>
    <subfield code="9">46379</subfield>
  </datafield>
  <datafield tag="650" ind1=" " ind2=" ">
    <subfield code="a">Hindi literature </subfield>
    <subfield code="9">65613</subfield>
  </datafield>
  <datafield tag="650" ind1=" " ind2=" ">
    <subfield code="a">Hindi literature --  Fiction</subfield>
    <subfield code="9">65614</subfield>
  </datafield>
  <datafield tag="942" ind1=" " ind2=" ">
    <subfield code="2">ddc</subfield>
    <subfield code="c">HN</subfield>
    <subfield code="h">&#x909; </subfield>
    <subfield code="m">&#x91C;&#x917;&#x928;&#x94D;&#x928;&#x93E;</subfield>
  </datafield>
  <datafield tag="999" ind1=" " ind2=" ">
    <subfield code="c">116257</subfield>
    <subfield code="d">116257</subfield>
  </datafield>
  <datafield tag="952" ind1=" " ind2=" ">
    <subfield code="0">4</subfield>
    <subfield code="1">0</subfield>
    <subfield code="4">0</subfield>
    <subfield code="7">0</subfield>
    <subfield code="a">L</subfield>
    <subfield code="b">L</subfield>
    <subfield code="d">2015-08-24</subfield>
    <subfield code="e">Cen Lib/Ret</subfield>
    <subfield code="g">60.00</subfield>
    <subfield code="l">0</subfield>
    <subfield code="o">&#x909;  &#x91C;&#x917;&#x928;&#x94D;&#x928;&#x93E;</subfield>
    <subfield code="p">A-595247</subfield>
    <subfield code="r">2015-08-24 00:00:00</subfield>
    <subfield code="t">1</subfield>
    <subfield code="v">60.00</subfield>
    <subfield code="w">2015-08-24</subfield>
    <subfield code="y">HN</subfield>
    <subfield code="z">Written off on approval by DLB (By Circulation); dtd 15-06-2023</subfield>
  </datafield>
</record>
